Geography Quiz

Random Geography or City Quiz

US Cities by Region: South Quiz Stats

 Plays Quiz Updated Aug 15, 2012

Challenge
Share
Tweet
Embed
Score 0/24 Timer 08:00
0 Plays Today
Rank City % Correct
40Atlanta, Georgia
94.6%
44Miami, Florida
94.5%
9Dallas, Texas
93.8%
4Houston, Texas
93%
53New Orleans, Louisiana
89.9%
25Nashville, Tennessee
83.8%
14Austin, Texas
80.8%
7San Antonio, Texas
80.7%
20Memphis, Tennessee
78.5%
11Jacksonville, Florida
78%
43Raleigh, North Carolina
74.3%
55Tampa, Florida
73.6%
Rank City % Correct
17Charlotte, North Carolina
72.5%
16Fort Worth, Texas
64.3%
31Oklahoma City, Oklahoma
64.1%
27Louisville, Kentucky
62.4%
19El Paso, Texas
59.9%
24Washington, DC
51.5%
21Baltimore, Maryland
47.9%
63Lexington, Kentucky
44.2%
39Virginia Beach, Virginia
43.7%
46Tulsa, Oklahoma
41.5%
51Arlington, Texas
36.4%
60Corpus Christi, Texas
28.4%

You're not logged in!

Compare scores with friends on all Sporcle quizzes.
Join for Free
OR
Log In

You Might Also Like...

Show Comments

Extras

Top Quizzes Today


Score Distribution

Your Account Isn't Verified!

In order to create a playlist on Sporcle, you need to verify the email address you used during registration. Go to your Sporcle Settings to finish the process.

Report this User

Report this user for behavior that violates our Community Guidelines.

Details: